Geschichte der reformierten Gemeinde Gumbinnen
| Titel: | Geschichte der reformierten Gemeinde Gumbinnen : Festschrift zum 200jährigen Bestehen der Kirche 1739 - 1939 / Bruno Moritz |
|---|---|
| Verfasser: | |
| Veröffentlicht: | Heiligenbeil : Heiligenbeiler Zeitung, 1939 |
| Umfang: | 108 S. : Ill. |
| Format: | Buch |
| Sprache: | Deutsch |
| Schriftenreihe/ mehrbändiges Werk: |
Sonderdr. aus: Evangelisches Volksblatt für die Ostmark |
X
alg: 8437748 001A $03004:15-11-99 001B $01999:12-05-23 $t23:01:59.000 001C $06002:02-03-06 $t15:29:54.000 001D $03004:15-11-99 001U $0utf8 001X $00 002@ $0Aau 003@ $0084377488 003O $0174620965 $aOCoLC 007A $0084377488 $aHEB 007T $0Herdhh084377488 010@ $ager 011@ $a1939 013H $0z 019@ $adx 021A $aGeschichte der reformierten Gemeinde Gumbinnen $dFestschrift zum 200jährigen Bestehen der Kirche 1739 - 1939 $hBruno Moritz 028A $7 $8Moritz, Bruno [Tnd] $9140741682 033A $pHeiligenbeil $nHeiligenbeiler Zeitung 034D $a108 S. 034M $aIll. 036G $aSonderdr. aus: Evangelisches Volksblatt für die Ostmark 045F $a200.943832 $eDDC23BSB 045F/01 $a200.9 045F/03 $g43832 045F/03 $g4382 lok: 8437748 24 101B $004-12-02 $t12:43:43.709 101C $015-11-99 145Z/01 $a6 8 G 36 145Z/02 $a6 11 G 101U $0utf8 exp: 8437748 24 1 #EPN 201B/01 $017-12-02 $t11:53:29.025 201C/01 $015-11-99 203@/01 $0138812136 208@/01 $a15-11-99 $br 209A/01 $a6 VIII G 43 $du $f050 $h6 8 G 43 $x00 209C/01 $a2468 K 52 $h52 2468 K 209G/01 $a70197901 $x00 247C/01 $8358050-7Marburg, Bibliothek des Herder-Instituts Marburg $9102600961 201U/01 $0utf8 lok: 8437748 78 exp: 8437748 78 1 #EPN 201B/01 $019-04-17 $t18:38:11.000 201U/01 $0utf8 203@/01 $0793088259 208@/01 $a12-11-16 $be 209A/01 $a/ $f000 $x00 237A/01 $aweiterführende Signatur(en): Herder-Institut: 6 VIII G 43 244Z/01 $2Trx $#Prusy Wschodnie i Zachodnie $8--Trx--Ost- und Westpreußen $x01 $939113373X 244Z/01 $2Trx $8--Trx--Monographie $x02 $9391384546 245Z/01 $a10.02.02.02 $x01 247C/01 $82080>Marburg/Lahn, Herder-Institut, Forschungsbibliothek, Bibliographieportal $9336309341
| LEADER | 00000cam a2200000 c 4500 | ||
|---|---|---|---|
| 001 | 084377488 | ||
| 003 | DE-603 | ||
| 005 | 20230512230159.0 | ||
| 007 | tu | ||
| 008 | 991115s1939 xx |||| | u00||u|ger c | ||
| 035 | |a (DE-599)HEB084377488 | ||
| 035 | |a (OCoLC)174620965 | ||
| 040 | |a DE-603 |b ger |c DE-603 |d DE-603 | ||
| 041 | |a ger | ||
| 082 | 0 | 4 | |8 1\u |a 200.943832 |q DE-101 |2 23/BSB |
| 085 | |8 1\u |b 200.9 | ||
| 085 | |8 1\u |z 2 |s 43832 | ||
| 085 | |8 1\u |z 2 |s 4382 | ||
| 100 | 1 | |a Moritz, Bruno |0 (DE-603)140741682 | |
| 245 | 0 | 0 | |a Geschichte der reformierten Gemeinde Gumbinnen |b Festschrift zum 200jährigen Bestehen der Kirche 1739 - 1939 |c Bruno Moritz |
| 264 | 1 | |a Heiligenbeil |b Heiligenbeiler Zeitung |c 1939 | |
| 300 | |a 108 S. |b Ill. | ||
| 490 | 0 | |a Sonderdr. aus: Evangelisches Volksblatt für die Ostmark | |
| 924 | 0 | |9 Mb 50 |a (DE-603)138812136 |b DE-Mb50 |c HES |d c |g 6 VIII G 43 | |
| 924 | 0 | |9 2080 |a (DE-603)793088259 |b DE-2080 |c HES |d d |g / | |


